| 000 | 01499nam a22003857a 4500 | ||
|---|---|---|---|
| 003 | PE-LiUPU | ||
| 005 | 20250822091818.0 | ||
| 008 | 230628b |||||||| |||| 00| 0 spa d | ||
| 020 | _a0879736925 | ||
| 040 |
_bspa _cPE-LiUPU _dPE-LiUPU _erda |
||
| 082 |
_220 _a282 _bD883n |
||
| 100 |
_aDulles, Avery. _eautor. _91397 _cCardenal. |
||
| 245 | 1 | 4 |
_aThe new world of faith / _cAvery Dulles. |
| 264 |
_aNew York : _bOur Sunday Visitor, _c2000. |
||
| 300 |
_a175 páginas ; _c22.5 centímetros. |
||
| 504 | _aContiene index páginas169 al 175. | ||
| 505 | _aThe present situation of faith -- Our knowledge of God -- The gift of the redeemer -- The Spirit and the church -- The communion of saints -- Structures of the church -- Handing down the faith -- The mission to evangelize -- The church and the churches -- Moral and social teaching -- The life of the world to come -- The new world and the light of faith. | ||
| 526 | _aSEG42 | ||
| 526 | _aSEG41 | ||
| 526 | _aSEG40 | ||
| 526 | _aSEG39 | ||
| 526 | _aP94 | ||
| 526 | _aP87 | ||
| 526 | _aP86 | ||
| 526 | _aP85 | ||
| 526 | _aP77 | ||
| 526 | _aP76 | ||
| 526 | _aP35 | ||
| 610 | 0 |
_aIglesia Católica _xDoctrinas. _vObras de divulgación _9508 |
|
| 610 | 0 |
_aIglesia Católica _9950 _vObras apologéticas |
|
| 856 | _uwww.osv.com | ||
| 942 |
_2ddc _cBK |
||
| 980 |
_623148 _aAnálisis Documental EVILA ACOSTA _818226 _gJaime Vilcazán Jefe de Análisis Documental |
||
| 999 |
_c61874 _d61874 |
||